[Event "Madrid-chT Honor"]
[Site "Madrid"]
[Date "2010.01.17"]
[Round "6"]
[White "Elguezabal Varela, Daniel"]
[Black "Candela Perez, Jose"]
[Result "1/2-1/2"]
[WhiteElo "2377"]
[BlackElo "2416"]
[PlyCount "53"]
[EventDate "2009.11.22"]
[EventType "team-tourn"]
[EventRounds "13"]
[EventCountry "ESP"]
[SourceTitle "EXT 2011"]
[Source "ChessBase"]
[SourceDate "2010.11.26"]
[SourceVersion "1"]
[SourceVersionDate "2010.11.26"]
[SourceQuality "1"]

1. Nf3 d5 2. d4 c6 3. c4 e6 4. Qc2 dxc4 5. Qxc4 Nf6 6. g3 b5 7. Qc2 Bb7 8. Bg2 Nbd7 9. a4 a6 10. 0-0 Rc8 11. axb5 cxb5 12. Qd3 Nd5 13. Bd2 Nb4 14. Bxb4 Bxb4 15. Nbd2 0-0 16. Rfc1 Nf6 17. Nb3 Qb6 18. Ne5 Bxg2 19. Kxg2 h6 20. Qf3 Bd6 21. Nd3 Rfd8 22. Ndc5 Bxc5 23. dxc5 Qc6 24. Rd1 Rxd1 25. Rxd1 Qxf3+ 26. Kxf3 a5 27. Nxa5 1/2-1/2

[Event "Madrid-chT Honor"]
[Site "Madrid"]
[Date "2009.12.13"]
[Round "3"]
[White "Elguezabal Varela, Daniel"]
[Black "Perez Gonzalez, Jose Manuel"]
[Result "0-1"]
[WhiteElo "2377"]
[BlackElo "2332"]
[PlyCount "56"]
[EventDate "2009.11.22"]
[EventType "team-tourn"]
[EventRounds "13"]
[EventCountry "ESP"]
[SourceTitle "EXT 2011"]
[Source "ChessBase"]
[SourceDate "2010.11.26"]
[SourceVersion "1"]
[SourceVersionDate "2010.11.26"]
[SourceQuality "1"]

1. c4 Nf6 2. Nc3 g6 3. g3 Bg7 4. Bg2 0-0 5. e4 d6 6. Nge2 c5 7. 0-0 Nc6 8. d3 Rb8 9. Rb1 a6 10. a3 Bg4 11. f3 Bd7 12. b4 cxb4 13. axb4 Qb6+ 14. Kh1 Nxb4 15. Na2 a5 16. Bd2 Qa7 17. Nxb4 axb4 18. Rxb4 b5 19. Qc1 bxc4 20. Rxc4 Rfc8 21. Be3 Qa6 22. Rxc8+ Rxc8 23. Qd2 Bb5 24. Rd1 Nd7 25. Rc1 Rxc1+ 26. Nxc1 Ne5 27. Bh6 Bxh6 28. Qxh6 Qa1 0-1

[Event "ESP-chT2"]
[Site "Vila Real"]
[Date "2001.08.14"]
[Round "2"]
[White "Elguezabal Varela, Daniel"]
[Black "Fernandez Garcia, Jose Luis"]
[Result "1/2-1/2"]
[WhiteElo "2383"]
[BlackElo "2461"]
[PlyCount "88"]
[EventDate "2001.08.13"]
[EventType "team"]
[EventRounds "7"]
[EventCountry "ESP"]
[SourceTitle "EXT 2002"]
[Source "ChessBase"]
[SourceDate "2001.11.25"]
[SourceVersion "1"]
[SourceVersionDate "2001.11.25"]
[SourceQuality "1"]

1. d4 Nf6 2. Bg5 Ne4 3. Bf4 c5 4. f3 Qa5+ 5. c3 Nf6 6. Nd2 cxd4 7. Nb3 Qb6 8. Qxd4 Nc6 9. Qxb6 axb6 10. Nd4 e5 11. Nxc6 dxc6 12. Bxe5 Be6 13. Bd4 b5 14. a3 b4 15. cxb4 Bxb4+ 16. Kf2 0-0 17. e4 Rfd8 18. Be3 Bd2 19. Ne2 Rd3 20. Bxd2 Rxd2 21. b4 Bc4 22. g4 h5 23. g5 Nd7 24. Ke3 Rd3+ 25. Kf4 Nf8 26. Kg3 h4+ 27. Kxh4 Rxf3 28. Nd4 Ng6+ 29. Kg4 Ne5+ 30. Kh4 Rf4+ 31. Kg3 Rxe4 32. Bxc4 Nxc4 33. Nf3 Re3 34. Rhe1 Rexa3 35. Rxa3 Rxa3 36. Kg4 Re3 37. Rd1 Kf8 38. Rd4 Ne5+ 39. Nxe5 Rxe5 40. Kf4 Rb5 41. Re4 Rd5 42. h4 g6 43. Kg4 b5 44. Kf3 c5 1/2-1/2

[Event "ESP-chT"]
[Site "Barcelona"]
[Date "2000.08.13"]
[Round "9"]
[White "Elguezabal Varela, Daniel"]
[Black "Braga, Fernando Alberto"]
[Result "1/2-1/2"]
[WhiteElo "2400"]
[BlackElo "2455"]
[PlyCount "58"]
[EventDate "2000.08.05"]
[EventType "team"]
[EventRounds "9"]
[EventCountry "ESP"]
[SourceTitle "CBM 077 Extra"]
[Source "ChessBase"]
[SourceDate "2000.09.14"]
[SourceVersion "1"]
[SourceVersionDate "2000.09.14"]
[SourceQuality "1"]

1. d4 d5 2. c4 e6 3. Nc3 Nf6 4. Bg5 Nbd7 5. cxd5 exd5 6. e3 Be7 7. Nf3 0-0 8. Bd3 Re8 9. Qc2 c6 10. 0-0 Nf8 11. Rab1 Ng6 12. b4 Bd6 13. b5 h6 14. Bxf6 Qxf6 15. e4 Nf4 16. e5 Qe6 17. Ne1 Bf8 18. Ne2 Nxd3 19. Nxd3 cxb5 20. Ndf4 Qc6 21. Qb3 b4 22. Qxd5 Be6 23. Qxc6 bxc6 24. Nxe6 fxe6 25. Rfc1 Rec8 26. Rc2 a5 27. Rbc1 Ra6 28. Nf4 Kf7 29. Nd3 a4 1/2-1/2

[Event "ESP-chT"]
[Site "Barcelona"]
[Date "2000.08.07"]
[Round "3"]
[White "Elguezabal Varela, Daniel"]
[Black "Montilla Carrillo, Esteban"]
[Result "1/2-1/2"]
[WhiteElo "2400"]
[BlackElo "2251"]
[PlyCount "58"]
[EventDate "2000.08.05"]
[EventType "team"]
[EventRounds "9"]
[EventCountry "ESP"]
[SourceTitle "CBM 077 Extra"]
[Source "ChessBase"]
[SourceDate "2000.09.14"]
[SourceVersion "1"]
[SourceVersionDate "2000.09.14"]
[SourceQuality "1"]

1. c4 e5 2. Nc3 Nc6 3. Nf3 Nf6 4. e4 Bc5 5. Nxe5 Nxe5 6. d4 Bb4 7. dxe5 Nxe4 8. Qd4 Nxc3 9. bxc3 Be7 10. Bf4 0-0 11. Bd3 d6 12. Rd1 dxe5 13. Bxe5 Qxd4 14. cxd4 Bb4+ 15. Kf1 Ba5 16. f3 Re8 17. Bf4 Bd7 18. Kf2 Ba4 19. Rc1 Rad8 20. Be3 g6 21. Bc2 Bxc2 22. Rxc2 Rd7 23. Rb1 Rde7 24. Bg5 Rd7 25. Rd1 Kg7 26. Re2 Rxe2+ 27. Kxe2 f6 28. Be3 c6 29. a4 Kf7 1/2-1/2

[Event "Madrid-B"]
[Site "Madrid"]
[Date "1994.??.??"]
[Round "1"]
[White "Candela Perez, Jose"]
[Black "Elguezabal Varela, Daniel"]
[Result "1/2-1/2"]
[WhiteElo "2340"]
[BlackElo "2370"]
[PlyCount "58"]
[EventDate "1994.??.??"]
[EventType "tourn"]
[EventRounds "11"]
[EventCountry "ESP"]
[EventCategory "4"]
[SourceTitle "EXT 1997"]
[Source "ChessBase"]
[SourceDate "1996.11.15"]
[SourceVersion "1"]
[SourceVersionDate "1996.11.15"]
[SourceQuality "1"]

1. d4 d5 2. c4 e6 3. Nc3 Nf6 4. Bg5 c5 5. cxd5 cxd4 6. Qxd4 Be7 7. e4 Nc6 8. Qd2 exd5 9. Bxf6 Bxf6 10. exd5 Qe7+ 11. Be2 Nd4 12. 0-0-0 0-0 13. Bd3 Bg4 14. Re1 Qb4 15. Re4 Bh5 16. Nge2 Bxe2 17. Bxe2 Nxe2+ 18. Qxe2 Qd6 19. Rd1 Rac8 20. Rc4 b5 21. Rxc8 Rxc8 22. Kb1 Bxc3 23. bxc3 g6 24. g3 Rxc3 25. Qe8+ Kg7 26. Qxb5 Rc5 27. Qd3 Qb6+ 28. Ka1 Qf6+ 29. Kb1 Qb6+ 1/2-1/2

[Event "Madrid-B"]
[Site "Madrid"]
[Date "1994.??.??"]
[Round "9"]
[White "Elguezabal Varela, Daniel"]
[Black "Barez Menendez, Hector"]
[Result "1-0"]
[WhiteElo "2370"]
[BlackElo "2340"]
[PlyCount "75"]
[EventDate "1994.??.??"]
[EventType "tourn"]
[EventRounds "11"]
[EventCountry "ESP"]
[EventCategory "4"]
[SourceTitle "EXT 1997"]
[Source "ChessBase"]
[SourceDate "1996.11.15"]
[SourceVersion "1"]
[SourceVersionDate "1996.11.15"]
[SourceQuality "1"]

1. d4 d5 2. c4 Nc6 3. Nc3 Nf6 4. cxd5 Nxd5 5. Nf3 Bg4 6. e4 Nxc3 7. bxc3 e5 8. d5 Nb8 9. Qa4+ Nd7 10. Nxe5 Qf6 11. Be2 b5 12. Qxb5 Qxe5 13. Bxg4 Qxe4+ 14. Qe2 Qxe2+ 15. Bxe2 Bd6 16. Rb1 0-0 17. 0-0 Rab8 18. Be3 Nc5 19. Bd4 Rb6 20. Rb4 Re8 21. Bb5 Rd8 22. Bc6 Ra6 23. Rb2 Rb6 24. Re2 f6 25. g3 Rdb8 26. Rc1 Nd3 27. Rd1 Nc5 28. Rdd2 Kf7 29. h4 Rb1+ 30. Kg2 R1b6 31. Kf3 Rb1 32. Kg2 R1b6 33. Re1 Rb2 34. Red1 Ne4 35. Rxb2 Rxb2 36. a4 Bxg3 37. Kf3 Nxf2 38. Rf1 1-0

[Event "Madrid-B"]
[Site "Madrid"]
[Date "1994.??.??"]
[Round "2"]
[White "Elguezabal Varela, Daniel"]
[Black "Rojo Huerta, Gabriel"]
[Result "0-1"]
[WhiteElo "2370"]
[BlackElo "2370"]
[PlyCount "124"]
[EventDate "1994.??.??"]
[EventType "tourn"]
[EventRounds "11"]
[EventCountry "ESP"]
[EventCategory "4"]
[SourceTitle "EXT 1997"]
[Source "ChessBase"]
[SourceDate "1996.11.15"]
[SourceVersion "1"]
[SourceVersionDate "1996.11.15"]
[SourceQuality "1"]

1. d4 Nf6 2. Nf3 e6 3. g3 d5 4. c4 Be7 5. Bg2 0-0 6. 0-0 c6 7. Qc2 b6 8. Nbd2 Bb7 9. e4 Na6 10. b3 c5 11. exd5 exd5 12. cxd5 Bxd5 13. Bb2 Nb4 14. Qb1 cxd4 15. Nxd4 Bxg2 16. Kxg2 Qd5+ 17. N2f3 Ne4 18. Kg1 Bf6 19. a3 Bxd4 20. Bxd4 Nc6 21. Bb2 Nc5 22. b4 Qxf3 23. bxc5 bxc5 24. Qd1 Qxd1 25. Rfxd1 Rfd8 26. Rdc1 Rd5 27. Rc4 Rb8 28. Bc3 Nd8 29. Ra4 Rb7 30. Rc1 Ne6 31. Kg2 Rd3 32. Kf1 Rb3 33. Rxa7 Rdxc3 34. Ra8+ Nf8 35. Re1 Rxa3 36. Rc8 g6 37. Ree8 Ra2 38. Rxf8+ Kg7 39. Rg8+ Kh6 40. Ra8 Rxa8 41. Rxa8 Rc2 42. Kg2 Kg5 43. h4+ Kf5 44. Re8 Rd2 45. Kf3 h5 46. Rc8 Rd5 47. Rc6 Re5 48. Rd6 f6 49. Kg2 g5 50. f3 g4 51. Kf2 gxf3 52. Kxf3 Kg6 53. Rd7 Re1 54. Rd5 Rc1 55. Ke3 Rc3+ 56. Kf4 c4 57. Rc5 Rc1 58. Kf3 c3 59. Kg2 f5 60. Rc6+ Kf7 61. Kf3 Ke7 62. Kf4 c2 0-1

[Event "Madrid-B"]
[Site "Madrid"]
[Date "1994.??.??"]
[Round "3"]
[White "Rajkovic, Dusan"]
[Black "Elguezabal Varela, Daniel"]
[Result "1-0"]
[WhiteElo "2475"]
[BlackElo "2370"]
[PlyCount "81"]
[EventDate "1994.??.??"]
[EventType "tourn"]
[EventRounds "11"]
[EventCountry "ESP"]
[EventCategory "4"]
[SourceTitle "EXT 1997"]
[Source "ChessBase"]
[SourceDate "1996.11.15"]
[SourceVersion "1"]
[SourceVersionDate "1996.11.15"]
[SourceQuality "1"]

1. d4 Nf6 2. c4 e5 3. dxe5 Ng4 4. Bf4 Bb4+ 5. Nd2 d6 6. exd6 Qf6 7. Bg3 Qxb2 8. Ngf3 Bf5 9. a3 Bxd6 10. Bxd6 cxd6 11. e3 Nc6 12. Be2 Nge5 13. 0-0 0-0 14. Qc1 Qxc1 15. Raxc1 Nd3 16. Rc3 Nc5 17. Nd4 Nxd4 18. exd4 Ne4 19. Nxe4 Bxe4 20. f3 Bf5 21. a4 Rac8 22. a5 Rc7 23. Kf2 Re8 24. Ra1 Kf8 25. h4 Rec8 26. Rb3 Re8 27. Ra2 Be6 28. Rab2 Bc8 29. Bd3 Ree7 30. Rb5 h6 31. Rd5 Re6 32. Bf5 Ree7 33. Bxc8 Rxc8 34. Rxd6 Rxc4 35. Rd8+ Re8 36. Rd7 Re7 37. Rxe7 Kxe7 38. Rxb7+ Ke6 39. Ke3 Rc3+ 40. Kf4 Ra3 41. Rxa7 1-0

[Event "Madrid-B"]
[Site "Madrid"]
[Date "1994.??.??"]
[Round "6"]
[White "Vallejo Pons, Francisco"]
[Black "Elguezabal Varela, Daniel"]
[Result "0-1"]
[WhiteElo "2315"]
[BlackElo "2370"]
[PlyCount "70"]
[EventDate "1994.??.??"]
[EventType "tourn"]
[EventRounds "11"]
[EventCountry "ESP"]
[EventCategory "4"]
[SourceTitle "EXT 1997"]
[Source "ChessBase"]
[SourceDate "1996.11.15"]
[SourceVersion "1"]
[SourceVersionDate "1996.11.15"]
[SourceQuality "1"]

1. e4 c5 2. Nc3 Nc6 3. Nge2 Nf6 4. d4 cxd4 5. Nxd4 d6 6. g3 e6 7. Bg2 Bd7 8. Ndb5 Qb8 9. a4 a6 10. Na3 Qc7 11. 0-0 Be7 12. h3 Rb8 13. g4 h6 14. Be3 Na5 15. Qd3 0-0 16. f4 Nh7 17. Rad1 Rfc8 18. e5 d5 19. Bd4 Nc6 20. Ne2 Nxd4 21. Nxd4 Bxa4 22. Rd2 b5 23. f5 Bc5 24. fxe6 fxe6 25. b3 b4 26. bxa4 bxa3 27. c3 Rf8 28. Re1 Bxd4+ 29. cxd4 Rb2 30. Red1 Rxd2 31. Rxd2 Qc1+ 32. Rd1 Rc8 33. Kh2 a2 34. Rxc1 Rxc1 35. Qxa6 Nf8 0-1